000 00356nam a2200169Ia 4500
100 _aBrey/barry B
650 _aMicroprocessors
250 _a8
942 _cBK
366 _f17.5
245 _aIntel Microprocessors
260 _bPearson Education
_aMumbai
_c2008
082 _a004.165/ROD
_bROD
300 _a926
546 _aENGLISH
999 _c33466
_d33466